| 000 | 00757cam a2200229 a 4500 | ||
|---|---|---|---|
| 001 | 2542034 | ||
| 005 | 20180306032302.0 | ||
| 008 | 940826s1995 mnua b 001 0 eng | ||
| 010 | _a 94024711 | ||
| 020 | _a0314044671 (recycled, alk. paper) | ||
| 040 |
_aDLC _cDLC _dDLC |
||
| 041 | _aeng | ||
| 080 | _a612.39 GRO | ||
| 082 | 0 | 0 |
_a612.39 GRO _220 |
| 100 | 1 | _a10 | |
| 101 | _aNUT | ||
| 245 | 1 | 0 |
_aAdvanced nutrition and human metabolism / _cJames L. Groff, Sareen S. Gropper, Sara M. Hunt. |
| 504 | _aIncludes bibliographical references and index. | ||
| 906 |
_a7 _bcbc _corignew _d1 _eocip _f19 _gy-gencatlg |
||
| 942 |
_2ddc _cBK |
||
| 999 |
_c44115 _d44115 |
||